Toutes les communes de la Manche sur une carte - Statistiques

Statistiques générales
  • Ce quiz a été pris 689 fois
  • Le résultat moyen est 84 sur 445
Réponses sur la Carte
Les réponses sont colorées sur une échelle allant du rouge au vert en fonction du pourcentage des utilisateurs qui les ont devinées à leur premier essai. Vous pouvez retrouver ces pourcentages ci-dessous.
 
Statistiques - réponses
Communes Pop. % Correct
Cherbourg-en-Cotentin 78 258
96%
Port-Bail-sur-Mer 2 520
91%
Saint-Lô 19 471
91%
Avranches 10 143
90%
Granville 12 510
84%
Carentan-les-Marais 10 218
81%
Coutances 8 321
81%
La Hague 11 484
80%
Bricquebec-en-Cotentin 5 893
72%
Le Mont-Saint-Michel 23
70%
Saint-Hilaire-du-Harcouët 5 770
70%
Mortain-Bocage 2 961
69%
Saint-Jean-d'Elle 2 516
61%
Saint-Sauveur-Villages 3 208
61%
Valognes 6 969
60%
Montjoie-Saint-Martin 250
59%
Saint-Martin-d'Aubigny 606
59%
Saint-Martin-d'Audouville 158
59%
Saint-Martin-de-Bonfossé 530
59%
Saint-Martin-de-Cenilly 208
59%
Saint-Martin-de-Varreville 173
59%
Saint-Martin-le-Bouillant 301
59%
Saint-Martin-le-Gréard 606
59%
Saint-Pierre-d'Arthéglise 172
59%
Saint-Pierre-de-Coutances 387
59%
Saint-Pierre-de-Semilly 421
59%
Saint-Pierre-Église 1 765
59%
Saint-Pierre-Langers 617
59%
Saint-Jean-le-Thomas 401
58%
Saint-Jean-de-Daye 656
57%
Saint-Jean-de-la-Haize 535
57%
Saint-Jean-de-la-Rivière 363
57%
Saint-Jean-de-Savigny 416
57%
Saint-Jean-des-Champs 1 534
57%
Saint-Jean-du-Corail-des-Bois 70
57%
Pontorson 4 280
56%
Sainte-Mère-Église 2 896
55%
Villedieu-les-Poêles-Rouffigny 3 903
55%
Agon-Coutainville 3 020
53%
Barneville-Carteret 2 223
51%
Flamanville 1 639
48%
La Haye 4 029
48%
Le Teilleul 1 706
48%
Saint-Vaast-la-Hougue 1 648
48%
Jullouville 2 394
47%
Saint-James 5 018
45%
Bréhal 3 487
43%
La Haye-d'Ectot 285
43%
Lessay 2 278
43%
Sainte-Marie-du-Mont 685
42%
Saint-Sauveur-de-Pierrepont 126
42%
Saint-Sauveur-la-Pommeraye 397
42%
Saint-Sauveur-le-Vicomte 2 114
42%
Les Pieux 3 249
41%
Barfleur 542
40%
Gavray-sur-Sienne 2 047
40%
Saint-Pair-sur-Mer 4 507
39%
Torigny-les-Villes 4 444
38%
Agneaux 4 286
36%
Isigny-le-Buat 3 183
36%
Saint-Germain-d'Elle 209
36%
Saint-Germain-de-Tournebut 418
36%
Saint-Germain-de-Varreville 109
36%
Saint-Germain-le-Gaillard 801
36%
Saint-Germain-sur-Ay 926
36%
Saint-Germain-sur-Sèves 181
36%
Pirou 1 514
35%
Condé-sur-Vire 4 137
34%
Créances 2 067
34%
Gouville-sur-Mer 3 274
34%
La Haye-Pesnel 1 302
34%
Perriers-en-Beauficel 207
34%
Carolles 774
33%
Donville-les-Bains 3 146
33%
Le Mesnil 189
33%
Terre-et-Marais 1 271
33%
Percy-en-Normandie 2 641
32%
Saint-Laurent-de-Cuves 496
32%
Saint-Laurent-de-Terregatte 637
32%
Saint-Michel-de-Montjoie 342
32%
Brécey 2 172
31%
Hauteville-la-Guichard 440
31%
Hauteville-sur-Mer 707
31%
Saint-Georges-de-la-Rivière 250
31%
Saint-Georges-de-Livoye 204
31%
Saint-Georges-d'Elle 380
31%
Saint-Georges-de-Rouelley 515
31%
Saint-Georges-Montcocq 988
31%
La Haye-Bellefond 63
30%
Montmartin-sur-Mer 1 425
30%
Sartilly-Baie-Bocage 2 778
30%
Tessy-Bocage 2 217
30%
Le Ham 309
29%
Octeville-l'Avenel 235
29%
Sourdeval 3 026
29%
Cerisy-la-Forêt 1 004
28%
Ducey-Les Chéris 2 784
28%
Le Val-Saint-Père 1 898
28%
Périers 2 376
28%
Quettreville-sur-Sienne 3 167
27%
Blainville-sur-Mer 1 600
26%
Cerisy-la-Salle 1 005
26%
Saint-Quentin-sur-le-Homme 1 338
26%
Quettehou 1 811
25%
La Barre-de-Semilly 1 029
24%
Marigny-Le-Lozon 2 761
24%
Montebourg 1 925
24%
Picauville 3 228
23%
Saint-Denis-le-Gast 530
23%
Saint-Denis-le-Vêtu 590
23%
Saint-Gilles 1 030
23%
Bourgvallées 3 326
22%
Cérences 1 852
22%
Champrepus 322
22%
Genêts 451
22%
Grandparigny 2 605
22%
Hambye 1 072
22%
Martinvast 1 348
22%
Pont-Hébert 1 897
22%
Saint-Aubin-des-Préaux 488
22%
Saint-Aubin-de-Terregatte 645
22%
Thèreval 1 775
22%
Tourneville-sur-Mer 1 666
22%
Brix 2 165
21%
Canisy 1 707
21%
Ponts 708
21%
Bréville-sur-Mer 791
20%
Gatteville-le-Phare 465
20%
Juvigny les Vallées 1 674
20%
Marcey-les-Grèves 1 275
20%
Regnéville-sur-Mer 730
20%
Saint-André-de-Bohon 375
20%
Saint-André-de-l'Épine 555
20%
Surtainville 1 166
20%
Beauvoir 419
19%
Coudeville-sur-Mer 887
19%
Romagny Fontenay 1 243
19%
Saint-Clair-sur-l'Elle 959
19%
Saint-Joseph 822
19%
Saint-Senier-de-Beuvron 324
19%
Saint-Senier-sous-Avranches 1 451
19%
Bretteville 1 027
18%
Bretteville-sur-Ay 444
18%
Notre-Dame-de-Cenilly 637
18%
Notre-Dame-de-Livoye 164
18%
Réville 1 040
18%
Saint-Jacques-de-Néhou 625
18%
Sottevast 1 459
18%
Vains 743
18%
Yquelon 1 240
18%
Bricqueville-la-Blouette 530
17%
Bricqueville-sur-Mer 1 261
17%
Champeaux 349
17%
Fermanville 1 283
17%
Folligny 1 119
17%
Ger 824
17%
Moyon Villages 1 489
17%
Négreville 845
17%
Saint-Amand-Villages 2 525
17%
Saint-Malo-de-la-Lande 460
17%
Savigny 430
17%
Siouville-Hague 931
17%
Tirepied-sur-Sée 957
17%
Tréauville 719
17%
Bacilly 921
16%
Barenton 1 161
16%
Gonneville-Le Theil 1 513
16%
Gratot 679
16%
Orval sur Sienne 1 233
16%
Pontaubault 579
16%
Tollevast 1 654
16%
Ver 386
16%
Fleury 1 101
15%
La Lucerne-d'Outremer 880
15%
Le Parc 921
15%
Le Vast 321
15%
Précey 559
15%
Quibou 858
15%
Tourville-sur-Sienne 787
15%
Anneville-en-Saire 370
14%
Buais-Les-Monts 611
14%
Digosville 1 681
14%
Fontenay-sur-Mer 161
14%
Juilley 691
14%
Lolif 604
14%
Maupertus-sur-Mer 238
14%
Saint-Brice 140
14%
Saint-Brice-de-Landelles 652
14%
Sainte-Cécile 792
14%
Saint-Maur-des-Bois 153
14%
Saint-Nicolas-de-Pierrepont 296
14%
Saint-Nicolas-des-Bois 98
14%
Saint-Ovin 762
14%
Céaux 414
13%
Hudimesnil 928
13%
La Colombe 626
13%
Le Dézert 601
13%
Le Rozel 258
13%
Marcilly 355
13%
Montsenelle 1 450
13%
Moon-sur-Elle 781
13%
Muneville-sur-Mer 491
13%
Ouville 439
13%
Quinéville 258
13%
Sacey 508
13%
Saint-Cyr-Bocage 213
13%
Saint-Cyr-du-Bailleul 345
13%
Saint-Loup 686
13%
Saint-Pois 454
13%
Sortosville 80
13%
Sortosville-en-Beaumont 297
13%
Vicq-sur-Mer 1 093
13%
Yvetot-Bocage 1 212
13%
Couville 1 249
12%
Cuves 256
12%
Dragey-Ronthon 785
12%
Gathemo 265
12%
Geffosses 501
12%
La Lande-d'Airou 535
12%
La Mouche 249
12%
Longueville 638
12%
Poilley 969
12%
Rauville-la-Bigot 1 082
12%
Saint-Christophe-du-Foc 409
12%
Saint-Marcouf 355
12%
Savigny-le-Vieux 399
12%
Sotteville 485
12%
Urville 190
12%
Belval 333
11%
Benoîtville 640
11%
Chérencé-le-Héron 436
11%
Courtils 210
11%
Dangy 648
11%
Domjean 999
11%
Héauville 456
11%
La Baleine 105
11%
La Chapelle-Urée 172
11%
Le Grand-Celland 592
11%
Lengronne 467
11%
Le Petit-Celland 176
11%
Marchésieux 665
11%
Nouainville 607
11%
Rauville-la-Place 399
11%
Reffuveille 550
11%
Saint-Clément-Rancoudray 555
11%
Sainte-Suzanne-sur-Vire 685
11%
Anctoville-sur-Boscq 435
10%
Baubigny 132
10%
Baudre 613
10%
Beauchamps 441
10%
Cambernon 677
10%
Chaulieu 274
10%
Colomby 569
10%
Courcy 639
10%
Graignes-Mesnil-Angot 797
10%
Grosville 809
10%
La Chaise-Baudouin 435
10%
Le Loreur 258
10%
Le Lorey 555
10%
Les Loges-sur-Brécey 115
10%
Les Moitiers-d'Allonne 742
10%
Montaigu-les-Bois 204
10%
Monthuchon 705
10%
Muneville-le-Bingard 725
10%
Pierreville 757
10%
Roncey 770
10%
Saint-Fromond 758
10%
Saint-Maurice-en-Cotentin 253
10%
Saussey 463
10%
Taillepied 18
10%
Tamerville 691
10%
Tanis 268
10%
Tocqueville 258
10%
Villebaudon 327
10%
Baupte 436
9%
Carantilly 619
9%
Crasville 223
9%
Doville 321
9%
Flottemanville 230
9%
Hardinvast 928
9%
Le Grippon 391
9%
Les Loges-Marchis 1 051
9%
Montaigu-la-Brisette 495
9%
Montfarville 798
9%
Montpinchon 543
9%
Néhou 609
9%
Nicorps 354
9%
Orglandes 346
9%
Remilly Les Marais 1 062
9%
Saint-Barthélemy 342
9%
Saint-Planchers 1 486
9%
Saint-Sébastien-de-Raids 322
9%
Sideville 856
9%
Teurthéville-Bocage 594
9%
Virandeville 816
9%
Airel 515
8%
Aucey-la-Plaine 412
8%
Auvers 683
8%
Beslon 562
8%
Coulouvray-Boisbenâtre 531
8%
Crollon 301
8%
Écausseville 112
8%
Fresville 373
8%
Gorges 350
8%
Hamelin 111
8%
Heugueville-sur-Sienne 458
8%
La Godefroy 301
8%
La Pernelle 286
8%
Le Luot 275
8%
Le Mesnil-Ozenne 265
8%
Le Neufbourg 397
8%
Le Tanu 430
8%
Lieusaint 408
8%
Méautis 648
8%
Neuville-au-Plain 81
8%
Neuville-en-Beaumont 27
8%
Sainte-Colombe 181
8%
Sainte-Geneviève 299
8%
Saint-Vigor-des-Monts 284
8%
Servon 252
8%
Teurthéville-Hague 1 037
8%
Aumeville-Lestre 132
7%
Azeville 79
7%
Beauficel 122
7%
Bérigny 442
7%
Beuzeville-la-Bastille 148
7%
Blosville 310
7%
Brouains 140
7%
Cametours 434
7%
Camprond 374
7%
Canteloup 220
7%
Chanteloup 407
7%
Émondeville 341
7%
Feugères 356
7%
Fierville-les-Mines 348
7%
Gouvets 295
7%
Helleville 567
7%
Huisnes-sur-Mer 169
7%
La Bloutière 423
7%
La Chapelle-Cécelin 245
7%
La Meauffe 993
7%
La Vendelée 459
7%
Le Mesnil-Adelée 157
7%
Le Mesnil-au-Val 729
7%
Lestre 242
7%
Maupertuis 145
7%
Montbray 340
7%
Rocheville 620
7%
Saint-Floxel 489
7%
Saussemesnil 927
7%
Subligny 375
7%
Valcanville 389
7%
Vesly 728
7%
Auxais 176
6%
Beaucoudray 136
6%
Besneville 661
6%
Biniville 118
6%
Bourguenolles 349
6%
Brainville 214
6%
Breuville 406
6%
Bricquebosq 638
6%
Brillevast 318
6%
Carneville 240
6%
Éroudeville 194
6%
Hiesville 72
6%
Huberville 361
6%
La Bonneville 173
6%
La Feuillie 302
6%
La Luzerne 87
6%
Le Mesnil-Eury 188
6%
Le Mesnil-Rouxelin 469
6%
Le Mesnil-Villeman 238
6%
Magneville 321
6%
Millières 759
6%
Montabot 271
6%
Montreuil-sur-Lozon 339
6%
Morville 277
6%
Moulines 280
6%
Raids 216
6%
Saint-Louet-sur-Vire 210
6%
Saint-Patrice-de-Claids 180
6%
Sénoville 188
6%
Tribehou 525
6%
Varouville 216
6%
Amigny 151
5%
Audouville-la-Hubert 78
5%
Beuvrigny 131
5%
Biéville 198
5%
Catteville 106
5%
Cavigny 269
5%
Chavoy 126
5%
Clitourps 225
5%
Crosville-sur-Douve 62
5%
Équilly 194
5%
Golleville 163
5%
Gonfreville 164
5%
Hémevez 189
5%
Hocquigny 196
5%
Joganville 84
5%
Lamberville 167
5%
La Meurdraquière 195
5%
Lapenty 381
5%
La Trinité 405
5%
Le Fresne-Poret 226
5%
Le Mesnil-Amey 288
5%
Le Mesnil-Garnier 220
5%
Le Mesnil-Gilbert 146
5%
Le Mesnillard 257
5%
L'Étang-Bertrand 350
5%
Liesville-sur-Douve 218
5%
Lingeard 80
5%
Montcuit 180
5%
Morigny 70
5%
Nay 70
5%
Neufmesnil 176
5%
Ozeville 159
5%
Reigneville-Bocage 34
5%
Théville 310
5%
Turqueville 129
5%
Vernix 154
5%
Videcosville 93
5%
Appeville 200
4%
Boutteville 57
4%
Canville-la-Rocque 125
4%
Étienville 368
4%
Fourneaux 131
4%
Grimesnil 71
4%
Le Mesnil-Aubert 197
4%
Le Perron 188
4%
Le Vicel 119
4%
Margueray 119
4%
Rampan 230
4%
Sébeville 34
4%
Varenguebec 321
4%
Villiers-Fossard 646
4%
Boisyvon 100
3%
Couvains 562
3%
Hautteville-Bocage 152
3%
Laulne 186
3%
Le Guislain 135
3%
Le Mesnil-Véneron 107
3%
Le Plessis-Lastelle 237
3%
Les Cresnays 227
3%
Montrabot 70
3%
Vaudreville 77
3%
Aucun quiz correspondant
Distribution des résultats
% des personnes avec chaque résultat
Percentile par nombre de réponses
Votre historique - résultats
Vous n’avez pas pris ce quiz